Anastasia: hay una conexión íntima
Guardat en:
| Autor principal: | |
|---|---|
| Format: | Llibre |
| Idioma: | espanyol |
| Publicat: |
Santiago
Chancacazo
2010
|
| Edició: | 1a. ed |
| Matèries: | |
| Etiquetes: |
Afegir etiqueta
Sense etiquetes, Sigues el primer a etiquetar aquest registre!
|
MARC
| LEADER | 00000cam a2200000 a 4500 | ||
|---|---|---|---|
| 001 | UCE8727 | ||
| 003 | CL-VaPUC | ||
| 008 | 150827e20100000cl |||||||||||||||||spa|d | ||
| 020 | |a 9789568940065 | ||
| 082 | 0 | 4 | |a Ch861 |b ACH |2 21 |
| 100 | 0 | |a Achoncho Moya, Pedro Pablo |e author |9 581442 | |
| 245 | 1 | 0 | |a Anastasia: hay una conexión íntima |
| 250 | |a 1a. ed | ||
| 300 | |a 73 p | ||
| 942 | |c BK | ||
| 945 | |d 20150827 16:13:00 |a gsalatino | ||
| 260 | |a Santiago |b Chancacazo |c 2010 | ||
| 650 | 0 | |a Poesías chilenas |9 265280 | |
| 583 | |a last modification |c 20150827 16:13:00 |k Rodrigo Vera | ||
| 999 | |c 360506 |d 360504 | ||
| 952 | |0 0 |1 0 |3 erb |4 0 |6 CH_861_000000000000000_ACH_2010 |7 0 |8 A |9 470342 |a BIBEDU |b BIBEDU |c ES_NOD |e Valenzuela Fuenzalida, Alvaro Miguel, 1932- |i 520321K |o Ch861 ACH 2010 |p 520321K |r 2023-08-09 |w 2019-11-23 |y BK |z Catalogado en:20150827 |k LIT | ||